| 000 | 00553nam a2200205Ia 4500 | ||
|---|---|---|---|
| 005 | 20260615144036.0 | ||
| 008 | 131103s9999 xx 000 0 und d | ||
| 040 | _aLoreto College | ||
| 041 | _aEnglish | ||
| 082 |
_a843 _bROU |
||
| 100 | _aRousseau, Jean - jacques | ||
| 245 | 4 |
_aThe Confessions _cJean _ Jacques Rousseau; translated by J M Cohen |
|
| 260 |
_aHarmondsworth _bPenguin Books _c1967 |
||
| 300 | _a606 p. | ||
| 440 | _aPenguin classics | ||
| 650 | _aFrench fiction | ||
| 700 | _aCohen, J M; tr. | ||
| 850 | _aLCLIB | ||
| 942 | _cBK | ||
| 999 |
_c24305 _d74784 |
||